000 00251nam a22001217a 4500
008 181029b xxu||||| |||| 00| 0 eng d
041 _aeng
080 _a611
100 _a6
101 _aANA
245 _aPhysiology
_cSelkurt, E.E
942 _2udc
_cBK
999 _c51058
_d51058